| 000 | 00719nam a2200253Ia 4500 | ||
|---|---|---|---|
| 003 | OSt | ||
| 005 | 20220918184008.0 | ||
| 006 | a|||||r|||| 00| 0 | ||
| 007 | ta | ||
| 008 | 220917b |||||||| |||| 00| 0 eng d | ||
| 024 | _a43,574 | ||
| 037 | _cTextual | ||
| 040 |
_aARTS _cARTS _beng |
||
| 041 |
_2eng _aeng |
||
| 082 | _aO157xM61x, 111N7 | ||
| 100 |
_aDutta Krishna ed _925808 |
||
| 245 | 0 |
_aRabindranath Tagore _b an anthology |
|
| 260 |
_aLondon _bPicador _c1997 |
||
| 300 |
_axi,416p. _ccm. |
||
| 650 | _aENGLISH LITERATURE | ||
| 700 |
_a Robinson Andrew ed _960541 |
||
| 942 |
_hO157xM61x, 111N7 _cTEXL _2CC |
||
| 999 |
_c174688 _d174688 |
||